Państwa graniczące z Rosją - Statystyki

Ogólne statystyki
  • Ten quiz został rozwiązany 25 razy
    11 od ostatniego zresetowania
  • Średni wynik to 12 z 13
Statystyki odpowiedzi
Sąsiad Sąsiedzi % Poprawnych
rosji chiny
100%
rosji estonia
100%
rosji finlandia
100%
rosji kazachstan
100%
rosji litwa
100%
rosji łotwa
100%
rosji mongolia
100%
rosji polska
100%
rosji ukraina
100%
rosji azerbejdżan
82%
rosji białoruś
82%
rosji gruzja
82%
rosji norwegia
73%
Nie znaleziono quizów pasujących do podanych kryteriów
Rozkład punktacji
Procent ludzi z każdym wynikiem
Percentyl według liczby udzielonych odpowiedzi
Twoja historia wyników
Nie rozwiązałeś tego quizu od ostatniego zresetowania